|
|
|
|
| LEADER |
00000ny a22000003n 4500 |
| 005 |
20110510125723.0 |
| 008 |
080820s1999 it mr s 000 b0ita c |
| 022 |
|
|
|a 0035-7022
|
| 035 |
|
|
|a 2123
|
| 040 |
|
|
|a UMA.RE
|d vLex
|
| 080 |
|
|
|a 343(051)(0.034)
|
| 090 |
|
|
|c 1532
|d 1532
|
| 245 |
0 |
0 |
|a Rivista penale
|h [Recurso electrn̤ico]
|
| 256 |
|
|
|a Servicio en ln̕ea
|
| 260 |
|
|
|a Piacenza :
|b La Tribuna
|
| 310 |
|
|
|a Mensual
|
| 506 |
1 |
|
|a Contenido solo disponible en los productos indicados
|d vLex Global
|d vLex Global (Academic Edition, excluding Law Schools)
|d vLex Global (U.S. Academic Edition, Law Schools)
|d vLex Global (U.S. Academic Edition, excluding Law Schools)
|d vLex Global (Academic Edition, Law Schools)
|
| 650 |
0 |
4 |
|a Derecho penal
|x Publicaciones perid̤icas
|
| 650 |
0 |
4 |
|a Penal
|
| 650 |
0 |
4 |
|a Derecho penal
|
| 740 |
0 |
|
|a vLex Revista (Servicios en ln̕ea)
|
| 843 |
|
|
|a Electrn̤ica. Abierta
|
| 853 |
|
|
|8 1
|i (year)
|j (month)
|k (day)
|
| 856 |
4 |
0 |
|u http://vlex.com/source/2123
|z Acceso restringido
|
| 942 |
|
|
|c REV
|